Normal view
MARC view
Entry Personal Name
001 - CONTROL NUMBER
- control field: 5944
003 - CONTROL NUMBER IDENTIFIER
- control field: OSt
005 - DATE AND TIME OF LATEST TRANSACTION
- control field: 20151103000159.0
008 - FIXED-LENGTH DATA ELEMENTS
- fixed length control field: 151103|| aca||aabn | a|a d
040 ## - CATALOGING SOURCE
- Original cataloging agency: OSt
- Transcribing agency: OSt
100 ## - HEADING--PERSONAL NAME
- Personal name: edited by Hardy, Maryann; Snaith, Beverly
670 ## - SOURCE DATA FOUND
- Source citation: Work cat.: (OSt): edited by Hardy, Maryann; Snaith, Beverly, Musculoskeletal Trauma:, 2011
